The merchant´s prologue and tale
Obra que contiene el cuento del comerciante y un prólogo de este para explicar el contexto del cuento. El relato narra la historia de un comerciante rico llamado Januarie que se casa con una joven por su lujuria. Pero su joven esposa, May, acaba siéndole infiel cuando este pierde su vista.
Збережено в:
| Автор: | |
|---|---|
| Формат: | Книга |
| Мова: | Undetermined |
| Опубліковано: |
New York, Estados Unidos
Cambridge University Press
1966
|
| Предмети: | |
| Теги: |
Додати тег
Немає тегів, Будьте першим, хто поставить тег для цього запису!
|
MARC
| LEADER | 00000nam a2200000Ia 4500 | ||
|---|---|---|---|
| 008 | 170316s9999 xx 000 0 und d | ||
| 040 | |a cru BVZT | ||
| 090 | |a 820 Ch-1m | ||
| 100 | |a Chaucer, Geoffrey | ||
| 245 | 4 | |a The merchant´s prologue and tale | |
| 260 | |a New York, Estados Unidos | ||
| 260 | |b Cambridge University Press | ||
| 260 | |c 1966 | ||
| 300 | |a 109 páginas | ||
| 520 | |a Obra que contiene el cuento del comerciante y un prólogo de este para explicar el contexto del cuento. El relato narra la historia de un comerciante rico llamado Januarie que se casa con una joven por su lujuria. Pero su joven esposa, May, acaba siéndole infiel cuando este pierde su vista. | ||
| 650 | |a LITERATURA INGLESA |9 12 | ||
| 999 | |c 6806 |d 6806 | ||
| 942 | |c 15 D |h 820 Ch-1m |2 z | ||
